Guys That Look Like Me by Ben Ellis - Lyrics Quiz - Statistics

General Stats
  • This quiz has been taken 11 times
  • The average score is 270 of 343
Answer Stats
Answer % Correct
a
100%
and
100%
blue
100%
brown
100%
eyes
100%
go
100%
hair
100%
I
100%
in
100%
jacket
100%
look
100%
me
100%
of
100%
on
100%
so
100%
the
100%
to
100%
when
100%
you
100%
always
83%
bracket
83%
can't
83%
corduroy
83%
even
83%
fit
83%
for
83%
got
83%
guys
83%
I'm
83%
it
83%
it's
83%
just
83%
like
83%
oh
83%
only
83%
put
83%
shelf
83%
tell
83%
that
83%
type
83%
wanna
83%
your
83%
amusing
67%
be
67%
bleachers
67%
but
67%
coincidence
67%
doin
67%
doing
67%
dont
67%
don't
67%
ever
67%
finding
67%
front
67%
good
67%
if
67%
job
67%
know
67%
lean
67%
make
67%
maybe
67%
moment
67%
new
67%
notice
67%
now
67%
one
67%
out
67%
right
67%
sat
67%
say
67%
shoulder
67%
somebody
67%
sure
67%
talk
67%
there
67%
they
67%
till
67%
treat
67%
want
67%
what
67%
who's
67%
with
67%
wrong
67%
you're
67%
all
50%
believe
50%
dramatic
50%
dropped
50%
heart
50%
high
50%
hopes
50%
little
50%
lookin
50%
mad
50%
mean
50%
miss
50%
need
50%
pick
50%
pieces
50%
ready
50%
really
50%
second
50%
someone
50%
their
50%
these
50%
trust
50%
up
50%
weapons
50%
will
50%
shattered
33%
you've
33%
No matching quizzes found
Score Distribution
Percent of People with Each Score
Percentile by Number Answered
Your Score History
You have not taken this quiz